00304 a2200109 4500020001800000082001200018100001900030245005200049260004000101300003300141500002000174 a9789694073408 a 181.07 a Sharif, M. M. a A History of Muslim Philosophyc Sharif, M. M. aKarachi:bRoyal Book Companyc2007. a xi, 787 p. ;bVOL Ic24 cm. a Includes Index